000 00236 a2200097 4500
001 11025
100 _aM. Asghar. Khan
245 _aThe First Round Indo-Pak War, 1965
260 _a
_bIslamic Information Servic
_c
090 _c8593
_d8593
942 _aNUST-CAE
_cM
_c35370
999 _c246098
_d246098